Countries with the Most Chinese Speakers - Statistics

General Stats
  • This quiz has been taken 172 times
    32 since last reset
  • The average score is 17 of 22
Answer Stats
Chinese Speakers Country % Correct
1,297,361,000 China
100%
250,000 Japan
100%
1,375,000 Vietnam
100%
467,000 Canada
96%
3,700,000 Malaysia
96%
2,311,000 Philippines
96%
52,000 South Korea
96%
8,819,000 Thailand
96%
3,000,000 United States
96%
727,000 Australia
91%
26,000 North Korea
91%
3,100,000 Singapore
91%
23,300,000 Taiwan
91%
141,052 United Kingdom
91%
113,000 New Zealand
87%
520,000 Cambodia
83%
166,000 Germany
74%
42,000 Brunei
57%
20,286 Kazakhstan
48%
300 Nauru
17%
400 Palau
13%
10,000 Costa Rica
0%
No matching quizzes found
Score Distribution
Percent of People with Each Score
Percentile by Number Answered
Your Score History
You have not taken this quiz since the last reset